000 00797 a2200169 i 4500
001 204911
003 58190
010 _a966-324-026-1
090 _a204911
100 _a u||y y50 zz
200 _aНовітній англо-український українсько-англійський словник
_dModern English-Ukrainian Ukrainian-English dictionary
_e100 000 слів
_fукл. С. М. Крисенко
__Новітній англо-український українсько-англійський словник (ч/з)
210 _d2009
_aХарків
_cПромінь
215 _a960 с.
__960
246 0 _aModern English-Ukrainian Ukrainian-English dictionary
_b100 000 слів
675 _a811.111(038)
942 _2udc
_cDICT
_j(038)811.111
_z58190
999 _c58190
_d58190